000
00210nam a22000977a 4500
999
_c
16260
_d
16260
003
OSt
008
200626b ||||| |||| 00| 0 eng d
100
_a
Sharma
_9
4656
245
_a
Reserve Bank of India
942
_c
BK